Designing Libary Space for Children/ (Record no. 188514)

MARC details
000 -LEADER
fixed length control field 00597nam a22002057a 4500
005 - DATE AND TIME OF LATEST TRANSACTION
control field 20220525144449.0
010 ## - LCCN (DPL NO)
LC control number ENG-132826
020 ## - INTERNATIONAL STANDARD BOOK NUMBER
International Standard Book Number 978911023165
Terms of availability 799.00
035 ## - SYSTEM CONTROL NUMBER
System control number EN-116358
037 ## - SOURCE OF ACQUISITION
Source of stock number/acquisition DBAD/PUB
082 ## - DEWEY DECIMAL CLASSIFICATION NUMBER
Classification number 022.31625
100 ## - MAIN ENTRY--PERSONAL NAME
Personal name Saur, De Gruyter
245 ## - TITLE STATEMENT
Title Designing Libary Space for Children/
Statement of responsibility, etc Edited by ingird Bon, Andrew Cranfield and karen Latimer
260 ## - PUBLICATION, DISTRIBUTION, ETC. (IMPRINT)
Name of publisher, distributor, etc IFLA Publication
Date of publication, distribution, etc 2012
300 ## - PHYSICAL DESCRIPTION
Extent 150p
Dimensions 24cm(hbk)
700 ## - ADDED ENTRY--PERSONAL NAME
Personal name Bon, Ingrid
700 ## - ADDED ENTRY--PERSONAL NAME
Personal name Cranfield, Andrew
700 ## - ADDED ENTRY--PERSONAL NAME
Personal name Latimer, Karen
942 ## - ADDED ENTRY ELEMENTS (KOHA)
Source of classification or shelving scheme Dewey Decimal Classification
Item type English Books
Classification part 022.31625
Call number suffix SAU
Holdings
Withdrawn status Lost status Not for loan Collection code Home library Current library Date acquired Source of acquisition Cost, normal purchase price Full call number Barcode Copy number Cost, replacement price Koha item type
      Non-fiction Patel Nagar Patel Nagar 25/05/2022 DBAD/PUB 799.00 022.31625 SAU EN-116358 1 799.00 English Books

© Delhi Public Library
Hit Counter
free hit counter